Theoretical exercises in probability and statistics for mathematics undergraduates (Record no. 52328)

MARC details
000 -LEADER
fixed length control field 00437nam a2200157Ia 4500
008 - FIXED-LENGTH DATA ELEMENTS--GENERAL INFORMATION
fixed length control field 230917s9999||||xx |||||||||||||| ||und||
040 ## - CATALOGING SOURCE
-- 63971
Original cataloging agency VIVEKANANDA LIBRARY
041 ## - Language
-- English
082 ## - DDC NUMBER
Classification number 519.2 R129T
100 ## - MAIN ENTRY--PERSONAL NAME
Personal name Rahman, N A
245 #0 - TITLE STATEMENT
Title Theoretical exercises in probability and statistics for mathematics undergraduates
250 ## - EDITION STATEMENT
Edition statement 2nd ed.
260 ## - PUBLICATION, DISTRIBUTION, ETC. (IMPRINT)
Place of publication, distribution, etc High Wycombe
Name of publisher, distributor, etc Charles Griffen
Date of publication, distribution, etc 1983
300 ## - PHYSICAL DESCRIPTION
Pages xi, 440 p.
942 ## - ADDED ENTRY ELEMENTS (KOHA)
Koha item type Books
Holdings
Withdrawn status Lost status Damaged status Not for loan Location (home branch) Sublocation or collection (holding branch) Date acquired Koha issues (times borrowed) Koha full call number Accession No. Koha date last seen Koha item type
        VIVEKANANDA LIBRARY VIVEKANANDA LIBRARY 10/01/2003   519.2 R129T 121326 17/09/2023 Books
© Designed and Maintained by Vivekananda Library, MDU Rohtak